La restauration et la monarchie de Juillet
Zapisane w:
| 1. autor: | |
|---|---|
| Format: | Książka |
| Język: | francuski |
| Wydane: |
París
Hachette
1926
|
| Seria: | L'Histoire de France Racontée a Tous
|
| Hasła przedmiotowe: | |
| Etykiety: |
Dodaj etykietę
Nie ma etykietki, Dołącz pierwszą etykiete!
|
MARC
| LEADER | 00000nam a2200000 a 4500 | ||
|---|---|---|---|
| 001 | UCO0827 | ||
| 003 | CL-VaPUC | ||
| 008 | 000428e19260000FR |||||||||||||||||fre|d | ||
| 082 | 0 | 4 | |a 944.06 |b LUC |2 21 |
| 100 | |a Lucas-Dubreton, Jean |e autor |9 474010 | ||
| 245 | 1 | 3 | |a La restauration et la monarchie de Juillet |
| 300 | |a 319 p | ||
| 942 | |c BK | ||
| 945 | |d 20000428 00:00:00 |a rherrera | ||
| 260 | |a París |b Hachette |c 1926 | ||
| 600 | 0 | 7 | |a LUIS XVIII |2 CL-VaPUC |9 442375 |
| 600 | 0 | 7 | |a LUIS FELIPE I |2 CL-VaPUC |9 442376 |
| 650 | 7 | |a HISTORIA DE FRANCIA SIGLO 19 |2 CL-VaPUC |9 345418 | |
| 650 | 7 | |a RESTAURACION |2 CL-VaPUC |9 411453 | |
| 650 | 7 | |a MONARQUIA DE JULIO |2 CL-VaPUC |9 442377 | |
| 651 | 0 | |a Francia |9 255157 | |
| 583 | |a last modification |c 20160829 12:37:29 |k Rodrigo Vera | ||
| 490 | 0 | |a L'Histoire de France Racontée a Tous | |
| 999 | |c 287473 |d 287471 | ||
| 952 | |0 0 |1 0 |4 0 |6 944_060000000000000_LUC_1926 |7 0 |8 X |9 334341 |a BIBHIS |b BIBHIS |d 2019-11-20 |i 1266764 |o 944.06 LUC 1926 |p 1266764 |r 2024-01-30 |w 2019-11-20 |y BK_X |k HIS | ||